=LDR 00000nam 2200000 4500 =001 INLIS000000000013018 =005 20130612104458 =008 ***********************************Ind** =035 ##$$0010-061300000013018 =041 ##$$a Ind =082 ##$$a 158.1 =090 ##$$a 158.1, Suw m =100 ##$$a Suwandi, Adig =245 ##$$a Mengapa gagal mencapai puncak prestasi, Adig Suwandi =260 ##$$a 2004 $b Malang =300 ##$$a 146 hlm, ilus, 20 cm =650 ##$$a Psikologi terapan =850 ##$$a NBPNMAT